| 000 | 01034nam a22002417a 4500 | ||
|---|---|---|---|
| 999 |
_c2081 _d2081 |
||
| 003 | AR-CdUCM | ||
| 008 | 190301b ||||| |||| 00| 0 spa d | ||
| 040 |
_aMUNICIPALIDAD PROVINCIAL DEL CUSCO _cBIBLIOTECA MUNICIPAL DEL CUSCO |
||
| 082 |
_a868.6 / _bT11 |
||
| 100 |
_aTaboada Teran, Nestor _97525 |
||
| 245 |
_aRequerimiento al Rey de España : _bDibujos de Waman Poma de Ayala / |
||
| 260 |
_aBolivia : _bEdiciones Casa de La Cultura ; _c1992. |
||
| 300 |
_a95 páginas _bilustraciones _c21cm |
||
| 505 | _aAquel encuentro de dos mundos (relato) -- Ya no está el cadalso en la Plaza Regocijos -- Requerimiento al Rey en siete instancias, sobre el dogma de cinco siglos -- Contrato del clérigo Hernando de Luque con Francisco Pizarro y Diego de Almagro | ||
| 650 |
_aRequerimiento _97526 |
||
| 650 |
_aContrato _97527 |
||
| 650 |
_aConquista _91045 |
||
| 650 |
_aPizarro _97528 |
||
| 650 |
_aAtahuallpa _97529 |
||
| 710 |
_aAlcaldía Municipal La Paz - Bolivia _97530 |
||
| 942 |
_2ddc _cLIBROS |
||
| 945 |
_anom _d2019-03-01 |
||